1655 1546 1313 1462 1316 1542 1583 1910 1298 1926 1553 1508 1601 1896 1958 1953 1207 1639 1492 1808 1009 1648 1759 1691 1394 1388 1477 1117 1870 1444 1878 1439 1896 1605 1178 1195 1763 1781 1401 1579 1086 1743 1864 1642 1873 1560 1482 1836 1076 1765 1854 1442 1804 1138 1694 2000 1685 1344 1603 1281 1071 1227 1840 1931 1504 1170 1656 1975 1836 1664 1831 1310 1406 1063 1640 1486 1185 1264 1776 1941 1891 1639 1725 1005 1727 1090 1333 1072 1055 1748 1481 1406 1947 1692 1867 1003 1745 1302 1255 BCNSPRNW ULIB Ver.6.0+V

เปลี่ยนเป็นภาษาไทย

Change to English
 แสดงรายละเอียดบรรณานุกรม
  กลับหน้าหลัก

Brief Record : Get Marc (ISO 2709) : E-mail record : QR code < ปิดหน้าต่าง
LEADER : 00000nam 2200000uu 4500
001    13399113655
003     ULIB
008    111213s2550||||th 000 0 tha d
020    ^a9746453637 (ล.2)
060 04 ^aWA32^bม246ก ล.2 2550
110 1  ^aมหาวิทยาลัยสุโขทัยธรรมาธิราช^bสาขาวิชาวิทยาศาสตร์สุขภาพ
245 00 ^aเอกสารการสอนชุดวิชา กฎหมายที่เกี่ยวกับสาธารณสุขสิ่งแวดล้อม หน่วยที่ 9-15 =^bLaws related to public health,environmental health and forensic medicine/^cสาขาวิชาวิทยาศาสตร์สุขภาพ มหาวิทยาลัยสุโขทัยธรรมาธิราช
246 30 ^aกฎหมายที่เกี่ยวกับสาธารณสุขสิ่งแวดล้อม
246 31 ^aLaws related to public health,environmental health and forensic medicine
250    ^aพิมพ์ครั้งที่ 6
260    ^aนนทบุรี :^bสำนักพิมพ์มหาวิทยาลัยสุโขทัยธรรมาธิราช,^c2550
300    ^a2 เล่ม :^bภาพประกอบ
650  7 ^aกฎหมายเกี่ยวกับสาธารณสุข
650  7 ^aนิติเวชศาสตร์
710 2  ^aมหาวิทยาลัยสุโขทัยธรรมาธิราช.^bสาขาวิชาวิทยาศาสตร์สุขภาพ
945    ^p0^l0^i14736
945    ^p0^l0^i14737
995    ^aกัณชพร
999 ^a ใช้งานได้ทุกระบบ
รายการนี้ยังไม่มีแท็ก
คุณยังไม่ได้ล็อกอิน คุณสามารถมีกิจกรรมร่วมกับเว็บไซต์ได้ แต่ต้องล็อกอินก่อน ::
  ล็อกอิน

รายการสื่อสารสนเทศ

ลำดับที่ ประเภท เลขเรียก/บาร์โค้ด สถานที่ สถานะ
- ไม่พบข้อมูล -

รายการใกล้เคียง
    หัวเรื่อง [กฎหมายเกี่ยวกับสาธารณสุข]
    หัวเรื่อง [นิติเวชศาสตร์]

BibComment


ยังไม่เคยถูกคอมเมนท์

คอมเมนท์ทรัพยากรรายการนี้
  คอมเมนท์: เอกสารการสอนชุดว..


 Copyright 2026. Bcnsprnw @Library